[Event "Elit(Kamraterna-Skara)"]
[Site "?"]
[Date "2004.??.??"]
[Round "7"]
[White "Aberg, Anton"]
[Black "Gausel, Einar"]
[Result "0-1"]
[WhiteElo "2461"]
[BlackElo "2580"]
[PlyCount "80"]
[EventDate "2004.??.??"]

1. e4 c6 2. d4 d5 3. e5 Bf5 4. Nf3 e6 5. Be2 Nd7 6. O-O Ne7 7. Nbd2 Bg6 8. c4
Nf5 9. b3 Be7 10. Bb2 O-O 11. Re1 a5 12. a3 Nh4 13. Nxh4 Bxh4 14. c5 b6 15. b4
Qc7 16. Bc3 axb4 17. axb4 bxc5 18. bxc5 Rfb8 19. g3 Bd8 20. Rxa8 Rxa8 21. Qb3
h6 22. Ra1 Rxa1+ 23. Bxa1 Qa7 24. Bc3 f6 25. exf6 Bxf6 26. Qb2 Bf5 27. Kg2 g5
28. Nf1 Be4+ 29. f3 Bg6 30. Ne3 Bg7 31. Bd1 Qa6 32. Qd2 Qd3 33. Qxd3 Bxd3 34.
Nc2 Nxc5 35. Nb4 Bb5 36. Bc2 Na6 37. Nd3 Bxd3 38. Bxd3 Nc7 39. Kf2 c5 40. Ke3
Kf7 0-1

[Event "Elit(Kamraterna-Skara)"]
[Site "?"]
[Date "2004.??.??"]
[Round "7"]
[White "Winsnes, Rikard"]
[Black "Andreasson, Ingvar"]
[Result "1/2-1/2"]
[WhiteElo "2489"]
[BlackElo "2401"]
[PlyCount "67"]
[EventDate "2004.??.??"]

1. e4 e6 2. d4 b6 3. Nf3 Bb7 4. Bd3 Nf6 5. Qe2 c5 6. c3 Nc6 7. a3 d5 8. e5 Nd7
9. b4 Be7 10. h4 Qc7 11. Nbd2 c4 12. Bc2 h6 13. h5 O-O-O 14. Nh4 Rdg8 15. f4 g5
16. hxg6 Bxh4+ 17. Rxh4 fxg6 18. Nf3 a6 19. Be3 Qd8 20. O-O-O Qf8 21. Rdh1 a5
22. Kd1 axb4 23. axb4 Kc7 24. g4 Qa8 25. Qd2 Na7 26. Qc1 Nb5 27. Kd2 Qf8 28.
Qf1 Bc6 29. f5 gxf5 30. gxf5 exf5 31. Bf4 Kb7 32. Rxh6 Rxh6 33. Bxh6 Qa8 34.
Nh4 1/2-1/2

[Event "Elit(Kamraterna-Skara)"]
[Site "?"]
[Date "2004.??.??"]
[Round "7"]
[White "Ziegler, Ari"]
[Black "Svenn, Matti"]
[Result "0-1"]
[WhiteElo "2426"]
[BlackElo "2251"]
[PlyCount "168"]
[EventDate "2004.??.??"]

1. d4 d5 2. Nf3 Nc6 3. e3 Bg4 4. h3 Bxf3 5. Qxf3 Nf6 6. Bb5 e6 7. O-O Be7 8. c4
O-O 9. Bd2 Ne4 10. Rc1 Qd6 11. Bxc6 bxc6 12. Ba5 f5 13. Nd2 Nxd2 14. Bxd2 Qd7
15. Ba5 Bd6 16. Rc3 Rab8 17. Qe2 e5 18. cxd5 cxd5 19. Rac1 Rb7 20. Qa6 Rfb8 21.
b3 exd4 22. exd4 Bf4 23. R1c2 Bd6 24. Qc6 Qf7 25. Re2 f4 26. Rf3 h6 27. Bd2 Rb6
28. Qc2 Rf8 29. Qc1 Qf6 30. Ba5 Rbb8 31. Qd1 Rbe8 32. Rxe8 Rxe8 33. Bc3 Qe7 34.
Rd3 Qe2 35. Qxe2 Rxe2 36. Bd2 Kf7 37. Kf1 Re4 38. b4 c6 39. f3 Re6 40. Rb3 Bc7
41. b5 Bb6 42. bxc6 Rxc6 43. Bxf4 Bxd4 44. Rb7+ Ke6 45. Ke2 Ra6 46. Kd3 Bf6 47.
g4 Rxa2 48. h4 Ra3+ 49. Ke2 d4 50. g5 hxg5 51. Bxg5 Bxg5 52. hxg5 g6 53. Rb5
Re3+ 54. Kf2 Re5 55. Rb4 d3 56. Rd4 Rd5 57. Re4+ Kf5 58. Ke1 d2+ 59. Kd1 Kxg5
60. Rc4 Kf5 61. Rb4 g5 62. Ra4 a5 63. Re4 Kf6 64. Rg4 Kf5 65. Re4 Rd3 66. Ra4
Rxf3 67. Kxd2 g4 68. Ke2 Kg5 69. Rxa5+ Kh4 70. Ra4 Kg3 71. Rb4 Kh3 72. Rb8 Rf7
73. Rh8+ Kg2 74. Rh6 g3 75. Rh8 Kg1 76. Ke1 g2 77. Rg8 Rf5 78. Ke2 Rf6 79. Ke1
Rf5 80. Rg6 Rh5 81. Ke2 Kh1 82. Kf2 Rf5+ 83. Kg3 g1=Q+ 84. Kh4 Qxg6 0-1

[Event "Elit(Kamraterna-Skara)"]
[Site "?"]
[Date "2004.??.??"]
[Round "7"]
[White "Madebrink, Lars"]
[Black "Mohammadi, Amir"]
[Result "1-0"]
[WhiteElo "2239"]
[BlackElo "2258"]
[PlyCount "135"]
[EventDate "2004.??.??"]

1. c4 f5 2. Nc3 Nf6 3. Nf3 e6 4. g3 d5 5. d4 c6 6. Bg2 Bd6 7. O-O O-O 8. Ne5
Bxe5 9. dxe5 Ng4 10. Qd4 dxc4 11. Qxc4 Nxe5 12. Qb3 Ng6 13. Be3 Na6 14. Rad1
Qe7 15. Qc4 Kh8 16. Na4 e5 17. a3 Be6 18. Qc3 f4 19. Bc5 Nxc5 20. Nxc5 Rac8 21.
Rd2 Bd5 22. e4 Be6 23. Rfd1 Rc7 24. Nxe6 Qxe6 25. Rd6 Qf7 26. Qd2 Qc4 27. Rd8
Rcf7 28. Qd6 f3 29. Bf1 Qb3 30. Bh3 Rxd8 31. Qxd8+ Rf8 32. Qd6 Qf7 33. Be6 Qf6
34. Qd7 h5 35. Bf5 Qg5 36. Qxb7 Rxf5 37. exf5 Qxf5 38. Qxc6 e4 39. Qc4 Ne5 40.
Rd8+ Kh7 41. Qg8+ Kg6 42. Qe8+ Nf7 43. Rd7 e3 44. fxe3 f2+ 45. Kf1 Qh3+ 46.
Kxf2 Qxh2+ 47. Kf1 Qh3+ 48. Ke2 Qg2+ 49. Kd1 Qf1+ 50. Kd2 Qf2+ 51. Kc3 Qf5 52.
Rd4 Kh6 53. Qc6+ g6 54. Kb3 Qe5 55. Qf3 Qe6+ 56. Kc2 Kg7 57. Kb1 Ne5 58. Qe4
Qf6 59. Qf4 g5 60. Qxf6+ Kxf6 61. b4 Ng6 62. Rd7 h4 63. gxh4 g4 64. Rd1 Nxh4
65. a4 g3 66. b5 g2 67. a5 Nf3 68. Kc2 1-0

[Event "Elit(Kamraterna-Skara)"]
[Site "?"]
[Date "2004.??.??"]
[Round "7"]
[White "Eklund, Lars-Goran"]
[Black "Svensson, Leif"]
[Result "1/2-1/2"]
[WhiteElo "2310"]
[BlackElo "2239"]
[PlyCount "39"]

1. Nf3 Nf6 2. c4 e6 3. Nc3 d5 4. d4 c5 5. e3 Nc6 6. a3 dxc4 7. Bxc4 cxd4 8.
exd4 Be7 9. O-O O-O 10. Bf4 a6 11. Re1 b5 12. Ba2 b4 13. axb4 Nxb4 14. Bb1 Bb7
15. Ne5 Rc8 16. Bg3 Qb6 17. Na4 Qb5 18. Nc3 Qb6 19. Na4 Qb5 20. Nc3 1/2-1/2

[Event "Elit(Kamraterna-Skara)"]
[Site "?"]
[Date "2004.??.??"]
[Round "7"]
[White "Borvander, Tom"]
[Black "Andersson, Goran"]
[Result "0-1"]
[WhiteElo "2239"]
[BlackElo "2238"]
[PlyCount "104"]
[EventDate "2004.??.??"]

1. d4 d5 2. c4 c6 3. Nf3 e6 4. Nc3 f5 5. g3 Nf6 6. Bg2 Bd6 7. O-O O-O 8. b3 Ne4
9. Qc2 Bd7 10. Bb2 Be8 11. Ne5 Nd7 12. Nd3 g5 13. e3 Bg6 14. Qe2 Qe7 15. Rac1
Rae8 16. Rfd1 Qf7 17. Re1 dxc4 18. bxc4 e5 19. dxe5 Nxc3 20. Bxc3 f4 21. exf4
gxf4 22. e6 Qf5 23. Nxf4 Bxf4 24. gxf4 Nc5 25. Qe3 Nxe6 26. Rcd1 Qxf4 27. Rd7
Qxe3 28. Rxe3 Rf7 29. Rd1 Nc7 30. Rxe8+ Nxe8 31. Bh3 Bf5 32. Bxf5 Rxf5 33. Rd7
Rf7 34. Rd8 Re7 35. Rb8 Kf7 36. Rd8 c5 37. Rd5 b6 38. Kf1 Ke6 39. Ke2 Nd6 40.
Kd3 Nxc4 41. Rh5 Nd6 42. Rh6+ Kd7 43. f3 Rf7 44. Ke2 Nf5 45. Rh5 h6 46. Kd3 Ke6
47. Ke4 b5 48. Bd2 Nd6+ 49. Kd3 Rxf3+ 50. Ke2 Ra3 51. Rxc5 Rxa2 52. Kd3 Rxd2+
0-1

[Event "Elit(Schack08-LASK)"]
[Site "?"]
[Date "2004.??.??"]
[Round "7"]
[White "Hall, Jesper"]
[Black "Petrov, Mirijan"]
[Result "0-1"]
[WhiteElo "2529"]
[BlackElo "2519"]
[PlyCount "99"]

1. e4 c5 2. Nc3 Nc6 3. f4 g6 4. Nf3 Bg7 5. g3 e6 6. Bg2 Nge7 7. d3 O-O 8. O-O
d6 9. Be3 b6 10. Bf2 Bb7 11. Qd2 Nd4 12. Nxd4 cxd4 13. Nb5 e5 14. Qb4 Nc8 15.
a4 Qd7 16. c3 dxc3 17. bxc3 Bc6 18. d4 a6 19. d5 Bxb5 20. axb5 a5 21. Qb3 exf4
22. gxf4 Qc7 23. Bd4 Ne7 24. f5 gxf5 25. exf5 Bxd4+ 26. cxd4 f6 27. Rac1 Qd8
28. Rce1 Qd7 29. Re6 Kh8 30. Qe3 Rf7 31. Re1 Nxf5 32. Qf4 Ng7 33. Rxd6 Qxb5 34.
Rc6 a4 35. Qd6 Qa5 36. Rec1 Rg8 37. Kh1 Qd2 38. R6c2 Qxd4 39. Rc8 Ne8 40. Qc6
Qg4 41. d6 Rd7 42. Bf3 Qf5 43. Rg1 Rxg1+ 44. Kxg1 Kg7 45. Rxe8 Qg6+ 46. Kf2
Qxe8 47. Bg4 Rd8 48. Qc7+ Kf8 49. Be6 a3 50. Qc3 0-1

[Event "Elit(Schack08-LASK)"]
[Site "?"]
[Date "2004.??.??"]
[Round "7"]
[White "Ingbrandt, Johan"]
[Black "Nicklasson, Christer"]
[Result "1-0"]
[WhiteElo "2482"]
[BlackElo "2418"]
[PlyCount "53"]

1. d4 f5 2. g3 Nf6 3. Bg2 g6 4. Nf3 Bg7 5. c4 O-O 6. b4 Ne4 7. Bb2 c6 8. O-O a5
9. a3 axb4 10. axb4 Rxa1 11. Bxa1 Kh8 12. Nbd2 Qb6 13. Qb3 Na6 14. Rb1 Qd8 15.
b5 Nxd2 16. Nxd2 Nc7 17. e3 cxb5 18. cxb5 e6 19. Bc3 Ne8 20. Nc4 d5 21. Ne5 Rf6
22. Bb4 Nd6 23. Bxd6 Qxd6 24. Rc1 Bd7 25. b6 Bc6 26. Rxc6 bxc6 27. b7 1-0

[Event "Elit(Schack08-LASK)"]
[Site "?"]
[Date "2004.??.??"]
[Round "7"]
[White "Semcesen, Daniel"]
[Black "Laveryd, Peter"]
[Result "1-0"]
[WhiteElo "2323"]
[BlackElo "2455"]
[PlyCount "79"]

1. e4 Nc6 2. Nc3 e6 3. g3 d5 4. Nf3 Nf6 5. e5 Ne4 6. d3 Nxc3 7. bxc3 f6 8. d4
f5 9. Bg5 Be7 10. h4 O-O 11. Be2 Na5 12. O-O Bd7 13. Rb1 b6 14. Qc1 h6 15. Bxe7
Qxe7 16. h5 Nc4 17. Nh4 Qg5 18. Ng2 Qxc1 19. Rfxc1 Nd2 20. Rb2 Ne4 21. c4 Nc3
22. Bf1 c5 23. cxd5 exd5 24. Nf4 cxd4 25. f3 Kf7 26. Re1 Be6 27. a3 Rfc8 28.
Bd3 Rc5 29. Rb4 Ra5 30. Ra1 Ra4 31. Rxa4 Nxa4 32. Ne2 Nc5 33. Nxd4 Nxd3 34.
cxd3 Rc8 35. Kf2 Rc5 36. Ke3 Ke7 37. f4 Kd7 38. g4 fxg4 39. f5 Bg8 40. Rg1 1-0

[Event "Elit(Schack08-LASK)"]
[Site "?"]
[Date "2004.??.??"]
[Round "7"]
[White "Lejlic, Samir"]
[Black "Ikonic, Borislav"]
[Result "1/2-1/2"]
[WhiteElo "2401"]
[BlackElo "2321"]
[PlyCount "132"]

1. d4 d5 2. Bg5 c6 3. e3 Qb6 4. Qc1 Bf5 5. Nf3 e6 6. Be2 Ne7 7. O-O Ng6 8. c4
h6 9. Bh4 Nxh4 10. Nxh4 Bh7 11. cxd5 exd5 12. Nc3 Be7 13. Nf3 Nd7 14. Qd2 O-O
15. Rfc1 Rfe8 16. Na4 Qd8 17. b4 a6 18. Nc5 Rb8 19. Bd3 Bxd3 20. Nxd3 Bd6 21.
a4 Nf6 22. Rab1 Ne4 23. Qb2 g5 24. b5 cxb5 25. axb5 a5 26. b6 Ra8 27. Qb5 a4
28. Nc5 Qe7 29. Nxe4 Qxe4 30. Qd7 Qe7 31. Qxe7 Rxe7 32. Rb5 a3 33. Ra1 Rd7 34.
Kf1 Be7 35. Ne5 Rd6 36. Rb3 f6 37. Ng6 Bd8 38. h4 Kf7 39. h5 Rxb6 40. Rbxa3
Rxa3 41. Rxa3 Ra6 42. Rb3 Rb6 43. Rxb6 Bxb6 44. g4 Bc7 45. Ke2 Bd6 46. f3 Ke6
47. Kd3 f5 48. gxf5+ Kxf5 49. e4+ Ke6 50. e5 Bb4 51. Kc2 b5 52. f4 g4 53. Nh4
g3 54. f5+ Kf7 55. Ng2 Ba5 56. Nf4 Bd8 57. Kc3 Ba5+ 58. Kd3 Bd8 59. Ke2 b4 60.
Nxd5 b3 61. e6+ Kf8 62. f6 Ba5 63. Nf4 Bb4 64. Kd3 Bd6 65. Ng2 Bb4 66. Nf4 Ke8
1/2-1/2

[Event "Elit(Schack08-LASK)"]
[Site "?"]
[Date "2004.??.??"]
[Round "7"]
[White "Nilsson, Sebastian"]
[Black "Renman, Nils-Gustaf"]
[Result "1-0"]
[WhiteElo "2250"]
[BlackElo "2409"]
[PlyCount "113"]

1. e4 e6 2. d4 d5 3. Nc3 Nf6 4. Bg5 Bb4 5. exd5 Qxd5 6. Bxf6 gxf6 7. Nge2 Nc6
8. Qd2 Bxc3 9. Nxc3 Qxd4 10. Qxd4 Nxd4 11. O-O-O Nc6 12. Nb5 Ke7 13. Nxc7 Rb8
14. Nb5 Bd7 15. Be2 a6 16. Nd4 e5 17. Nb3 Rhc8 18. Nc5 Bf5 19. Bd3 Bxd3 20.
Nxd3 Nd4 21. c3 a5 22. Rhe1 Ne6 23. f4 Rg8 24. g3 Rbd8 25. fxe5 fxe5 26. Rxe5
b6 27. Kc2 Rg5 28. Rde1 Kf6 29. Rf1+ Kg7 30. Ref5 Rxf5 31. Rxf5 f6 32. Nf4 Nxf4
33. Rxf4 Kg6 34. Rd4 Re8 35. Kd2 Re6 36. a4 h5 37. b4 axb4 38. cxb4 Kg5 39. Kd3
f5 40. Kc4 Re2 41. h4+ Kf6 42. a5 bxa5 43. bxa5 Ra2 44. Kb4 Rb2+ 45. Ka3 Re2
46. Rb4 Re1 47. Rb3 f4 48. gxf4 Kf5 49. Kb4 Kg4 50. a6 Kxh4 51. a7 Re8 52. Kc5
Ra8 53. Kb6 Kg4 54. Rb4 h4 55. Kb7 Rxa7+ 56. Kxa7 h3 57. f5+ 1-0

[Event "Elit(Schack08-LASK)"]
[Site "?"]
[Date "2004.??.??"]
[Round "7"]
[White "Karlsson, Tomas"]
[Black "Olsson, Tomas"]
[Result "1/2-1/2"]
[WhiteElo "2296"]
[BlackElo "2238"]
[PlyCount "94"]

1. e4 e5 2. Nf3 Nc6 3. Bb5 a6 4. Ba4 d6 5. Bxc6+ bxc6 6. d4 f6 7. Nc3 Ne7 8.
Be3 Ng6 9. Qd2 Be7 10. O-O-O Bd7 11. h4 h5 12. dxe5 fxe5 13. Ng5 Qb8 14. g3 Qb4
15. Qd3 Rb8 16. b3 a5 17. Kb2 a4 18. a3 Qa5 19. Qc4 d5 20. Qxa4 Qxa4 21. Nxa4
d4 22. Bd2 c5 23. Ka2 c4 24. Bb4 Bxa4 25. bxa4 c5 26. Ba5 O-O 27. f4 Ra8 28.
Bc7 Rxa4 29. Rb1 exf4 30. gxf4 Nxf4 31. Rhf1 Bxg5 32. hxg5 Ne2 33. Rxf8+ Kxf8
34. Bd6+ Kf7 35. Rf1+ Kg6 36. Bxc5 h4 37. Rh1 Ra5 38. Bb4 Rxg5 39. Rxh4 d3 40.
cxd3 cxd3 41. Kb3 Rg2 42. Kc4 Nc1 43. Rh1 Rc2+ 44. Kd4 d2 45. Rd1 Nb3+ 46. Kd3
Rc1 47. Ke2 Rc4 1/2-1/2

[Event "Elit(Schack08-LASK)"]
[Site "?"]
[Date "2004.??.??"]
[Round "7"]
[White "Riis, Jens"]
[Black "Schutz, Ingemar"]
[Result "1-0"]
[WhiteElo "2222"]
[BlackElo "2273"]
[PlyCount "63"]

1. d4 Nf6 2. Nf3 g6 3. Bf4 Bg7 4. e3 O-O 5. h3 c5 6. Nbd2 d6 7. c3 Nc6 8. Be2
cxd4 9. exd4 Bf5 10. O-O Nd5 11. Bh2 e5 12. Nc4 Re8 13. dxe5 dxe5 14. Qb3 Qe7
15. Ncxe5 Nxc3 16. Bc4 Nxe5 17. Nxe5 Be6 18. Rfe1 Bxc4 19. Qxc4 Rac8 20. Qb3
Qc7 21. Qxc3 Qd6 22. Qd3 Qc5 23. Nf3 Bxb2 24. Rxe8+ Rxe8 25. Rd1 b5 26. Bf4 b4
27. Be3 Qa5 28. Qd7 Re6 29. Ng5 Rf6 30. Qe8+ Kg7 31. Rd8 Rxf2 32. Qh8+ 1-0

[Event "Elit(Solna-Rockaden)"]
[Site "?"]
[Date "2004.??.??"]
[Round "7"]
[White "Lobron, Erik"]
[Black "Jonsson, Mikael"]
[Result "1-0"]
[WhiteElo "2547"]
[BlackElo "2384"]
[PlyCount "57"]

1. e4 e5 2. Nf3 Nc6 3. Bb5 a6 4. Ba4 Nf6 5. O-O Be7 6. Re1 b5 7. Bb3 O-O 8. h3
Bb7 9. d3 d6 10. a3 Re8 11. Nc3 Nd4 12. Nxd4 exd4 13. Ne2 c5 14. Ng3 Bf8 15.
Bg5 h6 16. Bd2 Qc7 17. f4 d5 18. e5 Nd7 19. c3 dxc3 20. bxc3 c4 21. Bc2 Bxa3
22. d4 Bf8 23. Qg4 Bc8 24. Qf3 Nb8 25. f5 Qd8 26. f6 Nc6 27. Kf1 Be6 28. fxg7
Bxg7 29. Nf5 1-0

[Event "Elit(Solna-Rockaden)"]
[Site "?"]
[Date "2004.??.??"]
[Round "7"]
[White "Bergstrom, Christer"]
[Black "Karlsson, Lars"]
[Result "0-1"]
[WhiteElo "2343"]
[BlackElo "2554"]
[PlyCount "82"]

1. Nf3 e6 2. d4 f5 3. c4 Nf6 4. g3 Bb4+ 5. Bd2 Qe7 6. a3 Bxd2+ 7. Nbxd2 d6 8.
Bg2 e5 9. Qa4+ Nbd7 10. dxe5 dxe5 11. O-O O-O 12. Qc2 e4 13. Nd4 Ne5 14. Qc3
Ng6 15. e3 c5 16. Ne2 Rd8 17. Rfd1 Bd7 18. b4 b6 19. b5 Ne5 20. h4 Be8 21. Nf4
Bf7 22. Bf1 Rd6 23. Nb3 Rad8 24. Rxd6 Rxd6 25. a4 Nf3+ 26. Kg2 Ng4 27. Be2
Nxh4+ 28. gxh4 Qxh4 29. Bxg4 Qxg4+ 30. Kf1 Rh6 31. Ke1 Rh2 32. Ne2 Bh5 33. Nbc1
Rh1+ 34. Kd2 Rxc1 35. Kxc1 Qxe2 36. a5 h6 37. axb6 axb6 38. Ra8+ Kh7 39. Ra7
Qf1+ 40. Kb2 Qxf2+ 41. Ka3 Qg3 0-1

[Event "Elit(Solna-Rockaden)"]
[Site "?"]
[Date "2004.??.??"]
[Round "7"]
[White "Bjarnehag, Peter"]
[Black "Barkhagen, Jonas"]
[Result "0-1"]
[WhiteElo "2235"]
[BlackElo "2546"]
[PlyCount "72"]

1. Nf3 Nf6 2. c4 b6 3. g3 c5 4. Bg2 Bb7 5. Nc3 g6 6. b3 Bg7 7. Bb2 O-O 8. O-O
d6 9. e3 Nbd7 10. d4 Ne4 11. Nxe4 Bxe4 12. Qe2 Qc7 13. dxc5 Bxb2 14. Qxb2 bxc5
15. Qe2 a5 16. Nd2 Bxg2 17. Kxg2 a4 18. f3 Qa5 19. Rac1 Qb4 20. Rc2 axb3 21.
axb3 Ra3 22. Rb1 Rfa8 23. Rbb2 Ne5 24. f4 Nc6 25. Rc1 Ra2 26. Nb1 Qxb3 27. Rcc2
Nb4 28. Rxb3 Rxc2 29. Qxc2 Nxc2 30. Kf3 Ra2 31. g4 Ne1+ 32. Kg3 Rg2+ 33. Kh3
Rf2 34. Na3 Rf3+ 35. Kh4 Ng2+ 36. Kg5 Kg7 0-1

[Event "Elit(Solna-Rockaden)"]
[Site "?"]
[Date "2004.??.??"]
[Round "7"]
[White "Bator, Robert"]
[Black "Steneskog, Per"]
[Result "0-1"]
[WhiteElo "2505"]
[BlackElo "2227"]
[PlyCount "80"]

1. d4 d5 2. Nf3 e6 3. g3 c5 4. Bg2 Nc6 5. O-O Nf6 6. c4 Be7 7. cxd5 exd5 8. Nc3
O-O 9. dxc5 Bxc5 10. Bg5 d4 11. Ne4 Be7 12. Bxf6 Bxf6 13. b4 a6 14. a4 Nxb4 15.
Nxf6+ Qxf6 16. Qxd4 Qe7 17. Rfc1 a5 18. Qe5 Re8 19. Qxe7 Rxe7 20. Nd4 Be6 21.
Nxe6 fxe6 22. Rc5 b6 23. Rb5 Rb8 24. Rd1 Nd5 25. Rd2 Nc3 26. Rb3 Nxa4 27. Rd6
Rc7 28. Bh3 b5 29. Bxe6+ Kf8 30. Rd5 Nc3 31. Re5 b4 32. Rxa5 Nxe2+ 33. Kg2 Nd4
34. Re3 Nxe6 35. Rxe6 b3 36. Rf5+ Rf7 37. Rxf7+ Kxf7 38. Re1 b2 39. Rb1 Ke6 40.
Kf3 Kd5 0-1

[Event "Elit(Solna-Rockaden)"]
[Site "?"]
[Date "2004.??.??"]
[Round "7"]
[White "Olsson, Anders"]
[Black "Dalmau, Jorgen"]
[Result "1-0"]
[WhiteElo "2512"]
[BlackElo "2166"]
[PlyCount "78"]

1. e4 e5 2. Nf3 Nc6 3. Bc4 Nf6 4. d3 Bc5 5. O-O d6 6. c3 a6 7. Nbd2 O-O 8. Bb3
Ba7 9. h3 Kh8 10. Re1 Be6 11. Nf1 Qd7 12. Ng3 Rae8 13. Ba4 b5 14. Bb3 d5 15.
Ng5 h6 16. Nxe6 fxe6 17. Qe2 Na5 18. Bc2 dxe4 19. dxe4 Nc4 20. a4 Bxf2+ 21.
Qxf2 Nh5 22. Nf5 exf5 23. exf5 Nd6 24. axb5 axb5 25. g4 Nf6 26. Qc5 e4 27. Ra7
Rf7 28. Bb3 Rfe7 29. Bf4 Qd8 30. Be6 Qb8 31. Rea1 e3 32. Bxe3 h5 33. Qc6 hxg4
34. hxg4 Rxe6 35. fxe6 Qc8 36. Qxc7 Qxc7 37. Rxc7 Rxe6 38. Bd4 Nde8 39. Rb7
39... Nxg4 {Tid} 1-0

[Event "Elit(SodraSASS-Farsta)"]
[Site "?"]
[Date "2004.??.??"]
[Round "7"]
[White "Lindberg, Bengt"]
[Black "Akesson, Ralf"]
[Result "1/2-1/2"]
[WhiteElo "2493"]
[BlackElo "2608"]
[PlyCount "66"]

1. e4 c6 2. d4 d5 3. Nc3 dxe4 4. Nxe4 Nd7 5. Ng5 Ngf6 6. Bd3 e6 7. N1f3 Bd6 8.
Qe2 h6 9. Ne4 Nxe4 10. Qxe4 Nf6 11. Qe2 b6 12. O-O Bb7 13. Re1 Qc7 14. Ne5 c5
15. Bb5+ Ke7 16. Bf4 Be4 17. c3 Rhd8 18. Bg3 Kf8 19. Bh4 Bb7 20. Bxf6 gxf6 21.
Qh5 Kg7 22. Re3 fxe5 23. dxe5 Bxe5 24. Rxe5 Rd5 25. Qg4+ Kh8 26. Rxd5 Bxd5 27.
Qh4 Kg7 28. Re1 Qd8 29. Qxd8 Rxd8 30. Rd1 a6 31. Bc6 Rd6 32. Ba8 Rd8 33. Bc6
Rd6 1/2-1/2

[Event "Elit(SodraSASS-Farsta)"]
[Site "?"]
[Date "2004.??.??"]
[Round "7"]
[White "Ornstein, Axel"]
[Black "Degerman, Lars"]
[Result "1-0"]
[WhiteElo "2447"]
[BlackElo "2496"]
[PlyCount "73"]

1. e4 c5 2. Nf3 Nc6 3. d4 cxd4 4. Nxd4 Nf6 5. Nc3 d6 6. f4 e5 7. Nf3 Be7 8. Bc4
exf4 9. Bxf4 Be6 10. Bb3 O-O 11. O-O Na5 12. Kh1 Nxb3 13. axb3 a6 14. Ra4 Qc7
15. Rd4 Rfd8 16. Qd2 Rac8 17. h3 Ne8 18. Rd3 b5 19. Nd4 Bf6 20. Bg5 Qe7 21. Nd5
Bxd5 22. Bxf6 Nxf6 23. exd5 Ne4 24. Qf4 Re8 25. Kh2 Rc5 26. Nc6 Qd7 27. Re1 f5
28. c3 Qf7 29. Red1 g5 30. Qf3 Qf6 31. Rd4 Kg7 32. Rf1 Kg6 33. g4 fxg4 34.
Qxe4+ Rxe4 35. Rxf6+ Kxf6 36. Rxe4 Rxd5 37. Rxg4 1-0

[Event "Elit(SodraSASS-Farsta)"]
[Site "?"]
[Date "2004.??.??"]
[Round "7"]
[White "Hjelm, Niclas"]
[Black "Furhoff, Johan"]
[Result "1/2-1/2"]
[WhiteElo "2394"]
[BlackElo "2426"]
[PlyCount "97"]

1. d4 d5 2. c4 c6 3. Nc3 Nf6 4. e3 a6 5. Qc2 g6 6. Bd3 Bg7 7. Nf3 O-O 8. O-O
dxc4 9. Bxc4 Nd5 10. e4 Nb6 11. Be2 Bg4 12. Rd1 N8d7 13. Bg5 h6 14. Be3 Rc8 15.
Rac1 Qc7 16. Qd2 Bxf3 17. gxf3 Kh7 18. f4 e6 19. b4 f5 20. e5 Nd5 21. Na4 Qd8
22. Bf3 Qe7 23. Nc5 Nxc5 24. bxc5 Rcd8 25. Rb1 Rf7 26. Rb3 Rd7 27. Rdb1 h5 28.
Bxd5 exd5 29. Qe2 Bh6 30. Kh1 Rg7 31. Rg1 Qd8 32. Bd2 Rg8 33. Rh3 Qe8 34. Qd3
Qe6 35. Qe3 Rb8 36. Rb1 Bf8 37. Rg3 Be7 38. Rbg1 Rg8 39. Qe2 Bd8 40. Rh3 Rgg7
41. Bc3 Kg8 42. Rhg3 Bh4 43. R3g2 Bd8 44. Qd2 Kh7 45. Ba5 Be7 46. Qe2 Bf8 47.
Qf3 Rg8 48. Bb6 Bh6 49. h4 1/2-1/2

[Event "Elit(SodraSASS-Farsta)"]
[Site "?"]
[Date "2004.??.??"]
[Round "7"]
[White "Welin, Thomas"]
[Black "Jaderberg, Bjorn"]
[Result "1-0"]
[WhiteElo "2402"]
[BlackElo "2298"]
[PlyCount "91"]

1. c4 Nf6 2. Nc3 e6 3. Nf3 d5 4. d4 Be7 5. Bf4 c6 6. e3 O-O 7. Qc2 Nbd7 8. h3
Re8 9. a3 b6 10. cxd5 exd5 11. Bd3 Bb7 12. O-O Nf8 13. Ne5 Bd6 14. b4 Qe7 15.
Rab1 Rac8 16. Qb3 N8d7 17. Nxd7 Nxd7 18. Bxd6 Qxd6 19. e4 dxe4 20. Nxe4 Qf4 21.
g3 Qh6 22. h4 Nf8 23. Ng5 Rc7 24. Rbe1 Ree7 25. Qc2 Qh5 26. Be2 Qg6 27. Bd3 Qh5
28. Be2 Qg6 29. Qxg6 Nxg6 30. h5 Nf8 31. Bc4 h6 32. Rxe7 Rxe7 33. Nxf7 Rxf7 34.
Re1 Bc8 35. Re7 Be6 36. Rxe6 Nxe6 37. Bxe6 Kf8 38. Bxf7 Kxf7 39. Kf1 Kf6 40. f3
Kg5 41. g4 Kf4 42. Kf2 b5 43. Ke2 Kg3 44. Ke3 Kg2 45. Kf4 Kf2 46. g5 1-0

[Event "Elit(SodraSASS-Farsta)"]
[Site "?"]
[Date "2004.??.??"]
[Round "7"]
[White "Ong, Kezli"]
[Black "Winge, Stefan"]
[Result "1-0"]
[WhiteElo "2300"]
[BlackElo "2290"]
[PlyCount "113"]

1. e4 c5 2. Nf3 Nc6 3. d4 cxd4 4. Nxd4 Nf6 5. Nc3 e5 6. Ndb5 d6 7. Bg5 a6 8.
Na3 b5 9. Bxf6 gxf6 10. Nd5 Bg7 11. Bd3 Ne7 12. Nxe7 Qxe7 13. O-O f5 14. exf5
d5 15. c3 b4 16. cxb4 e4 17. Be2 Qe5 18. Rc1 Bxf5 19. Rc5 Be6 20. Qa4+ Ke7 21.
Nc4 Qb8 22. Ne3 Rd8 23. Rd1 d4 24. Nf5+ Kf8 25. Nxg7 Kxg7 26. Bc4 Qf4 27. Bxe6
fxe6 28. Qc6 Kf6 29. Re1 d3 30. Rxe4 Qd6 31. Qxd6 Rxd6 32. Re1 Rd4 33. a3 Rad8
34. Kf1 e5 35. f3 d2 36. Rd1 e4 37. fxe4 Rxe4 38. Rc3 Ke5 39. Rf3 Rd7 40. Rf2
Red4 41. Re2+ Kf4 42. Re6 Kf5 43. Re3 h5 44. Ke2 Kg4 45. Rg3+ Kh4 46. b3 Re4+
47. Re3 Red4 48. a4 Rg4 49. Rh3+ Kg5 50. Rg3 Rxg3 51. hxg3 Rd4 52. Rxd2 Rxb4
53. Rd3 Kf5 54. Kd2 Ke4 55. Rf3 Rb6 56. Rf4+ Ke5 57. Kc3 1-0

[Event "Elit(SodraSASS-Farsta)"]
[Site "?"]
[Date "2004.??.??"]
[Round "7"]
[White "Lundvik, Jonas"]
[Black "Backelin, Rickard"]
[Result "1-0"]
[WhiteElo "2286"]
[BlackElo "2380"]
[PlyCount "77"]

1. d4 g6 2. g3 Bg7 3. Bg2 d5 4. Nf3 Nh6 5. O-O O-O 6. Ne5 f6 7. Nd3 Nf7 8. c3
c6 9. Nd2 e5 10. dxe5 fxe5 11. c4 e4 12. Nf4 e3 13. fxe3 dxc4 14. Nxc4 Qe7 15.
Qc2 Re8 16. Bd2 Bf5 17. Qb3 Na6 18. Bc3 Nc5 19. Qa3 Bf8 20. Nh5 Nd7 21. Qxe7
Rxe7 22. Rad1 Nde5 23. Nf6+ Kg7 24. e4 Kxf6 25. exf5 g5 26. Bh3 Rc7 27. Nxe5
Nxe5 28. Bxe5+ Kxe5 29. f6 h6 30. e3 b6 31. Rf3 Rf7 32. Rf5+ Ke6 33. Rxg5+ Kxf6
34. Rf1+ Kxg5 35. Rxf7 Bc5 36. Bf5 Rf8 37. h4+ Kh5 38. Rxf8 Bxf8 39. Kg2 1-0

[Event "Elit(SodraSASS-Farsta)"]
[Site "?"]
[Date "2004.??.??"]
[Round "7"]
[White "Lindeman, Sven"]
[Black "Holmqvist, Gunnar"]
[Result "0-1"]
[WhiteElo "2217"]
[BlackElo "2273"]
[PlyCount "82"]

1. e4 e5 2. Nf3 Nc6 3. Bb5 a6 4. Ba4 Nf6 5. O-O Be7 6. Re1 b5 7. Bb3 O-O 8. c3
d6 9. h3 Na5 10. Bc2 c5 11. d4 Qc7 12. Nbd2 cxd4 13. cxd4 Bd7 14. Nf1 Rac8 15.
Ne3 Nc6 16. d5 Na5 17. Bd3 Qb7 18. Qe2 Nh5 19. Nf1 Nf4 20. Bxf4 exf4 21. N1d2
Rfe8 22. b4 Nc4 23. Nxc4 bxc4 24. Bxc4 Qxb4 25. Bxa6 Ra8 26. Bc4 Bf6 27. Rab1
Qa5 28. Qd3 Rab8 29. Rxb8 Rxb8 30. Rb1 Rc8 31. Bb3 Bb5 32. Qd1 Rc3 33. Qd2 g5
34. Re1 Qb4 35. Rc1 Rxc1+ 36. Qxc1 Qxe4 37. Qc8+ Kg7 38. Qb8 Be2 39. Qxd6 Bxf3
40. gxf3 Qe1+ 41. Kg2 Bd4 0-1

[Event "Elit(SodraSASS-Farsta)"]
[Site "?"]
[Date "2004.??.??"]
[Round "7"]
[White "Werner, Lennart"]
[Black "Wieweg, Johnny"]
[Result "1/2-1/2"]
[WhiteElo "2201"]
[BlackElo "2182"]
[PlyCount "62"]

1. e4 e5 2. Nf3 Nc6 3. Nc3 g6 4. d4 exd4 5. Nxd4 Bg7 6. Be3 Nf6 7. Be2 O-O 8.
Qd2 Re8 9. f3 d5 10. Nxc6 bxc6 11. Rd1 Be6 12. O-O dxe4 13. Qxd8 Rexd8 14.
Rxd8+ Rxd8 15. fxe4 Nd7 16. Na4 Nb6 17. Nxb6 cxb6 18. b3 Bd4 19. Kf2 Bxe3+ 20.
Kxe3 h5 21. Rd1 Rxd1 22. Bxd1 Kf8 23. Kf4 Ke7 24. Bf3 Kd6 25. a3 a5 26. Bd1 b5
27. c3 c5 28. e5+ Kc6 29. Ke3 Kd5 30. Kf4 Kc6 31. Ke3 Kd5 1/2-1/2

[Event "Elit(Limhamn-Manhem)"]
[Site "?"]
[Date "2004.??.??"]
[Round "7"]
[White "Schneider, Lars-Ake"]
[Black "Brynell, Stellan"]
[Result "0-1"]
[WhiteElo "2575"]
[BlackElo "2363"]
[PlyCount "49"]

1. e4 e6 2. d4 d5 3. Nd2 c5 4. exd5 exd5 5. Bb5+ Bd7 6. Qe2+ Be7 7. dxc5 Nf6 8.
Nb3 O-O 9. Be3 Re8 10. Nf3 a6 11. Bxd7 Nbxd7 12. O-O Nxc5 13. Nfd4 Na4 14. Rab1
Rc8 15. c3 Qd7 16. Qf3 Bd8 17. Rfd1 Bc7 18. Nf5 Qe6 19. Bd4 Be5 20. Ne3 Rcd8
21. h3 Ne4 22. Nc1 Bc7 23. Nd3 Qd6 24. g3 Qg6 25. Nf4 0-1